[Event "Ann Arbor (HVA/4/3)"]
[Site "?"]
[Date "1993.??.??"]
[Round "?"]
[White "Croel, Duane"]
[Black "Bemben, R."]
[Result "1/2-1/2"]
[WhiteElo "1820"]
[BlackElo "1860"]
[PlyCount "107"]
[EventDate "1993.??.??"]

{4/(3)} 1. d4 f5 2. Nf3 g6 3. g3 Bg7 4. Bg2 Nf6 5. O-O O-O 6. Nbd2 d6 7. b3 c5
8. e3 Nc6 9. Bb2 Ne4 10. Rb1 Qa5 11. Nc4 Qd8 12. Ncd2 e5 13. dxe5 Nxd2 14. Nxd2
dxe5 15. Qe2 Be6 16. Rfd1 Qe7 17. e4 f4 18. g4 Nd4 19. Bxd4 cxd4 20. f3 Rfc8
21. Rdc1 Qb4 22. Nc4 Qc5 23. Qd3 b5 24. Nd2 Bf8 25. Bf1 Rab8 26. Ra1 Qc3 27.
Qxc3 Rxc3 28. Bd3 Ba3 29. Rf1 Rc7 30. Rad1 a5 31. Nb1 Be7 32. Rc1 Bb4 33. Rcd1
Kf7 34. Rf2 Be7 35. Kg2 Bd7 36. Rh1 Bh4 37. Re2 a4 38. Rf1 axb3 39. cxb3 Rcc8
40. Rd1 h5 41. h3 Rc7 42. Rdd2 hxg4 43. hxg4 Ke6 44. Rc2 Rxc2 45. Rxc2 Be7 46.
Rc7 Ra8 47. Rc2 Bb4 48. Kg1 Rh8 49. a3 Bd6 50. b4 Rh3 51. Kg2 Rg3+ 52. Kf2 Be7
53. Rc1 Bh4 54. Rh1 1/2-1/2

[Event "Troy (TCC/M/1b/3)"]
[Site "?"]
[Date "1993.??.??"]
[Round "?"]
[White "Costaras, B."]
[Black "Salman, N."]
[Result "0-1"]
[WhiteElo "1860"]
[BlackElo "2310"]
[PlyCount "30"]
[EventDate "1993.??.??"]

1. e4 g6 2. d4 Bg7 3. Nf3 d6 4. Nc3 Nc6 5. Bb5 a6 6. Be2 Bg4 7. Be3 e5 8. d5
Bxf3 9. Bxf3 Nce7 10. O-O f5 11. exf5 gxf5 12. Bg5 Qd7 13. Qe2 Nf6 14. Bh5+ Ng6
15. Qd2 Nxh5 0-1

[Event "Troy (TCC/M/3/6)"]
[Site "?"]
[Date "1993.??.??"]
[Round "?"]
[White "Costaras, B."]
[Black "Quander, K."]
[Result "1-0"]
[WhiteElo "1860"]
[BlackElo "1605"]
[PlyCount "69"]
[EventDate "1993.??.??"]

{3/(6)} 1. e4 e5 2. Nf3 Nc6 3. Nc3 Nf6 4. d4 exd4 5. Nd5 d6 6. Nxd4 Bd7 7. Bc4
Ne5 8. Bb3 Nxe4 9. O-O Nc5 10. Re1 Nxb3 11. axb3 c6 12. f4 cxd5 13. fxe5 dxe5
14. Rxe5+ Be7 15. Qe2 f6 16. Ne6 Bxe6 17. Rxe6 Kf7 18. Bf4 Qd7 19. Re1 Rhe8 20.
Qh5+ Kg8 21. Bd6 Rad8 22. Rxe7 Rxe7 23. Bxe7 Re8 24. Bb4 Rxe1+ 25. Bxe1 g6 26.
Qf3 f5 27. Bd2 Qe6 28. Qe3 Qxe3+ 29. Bxe3 a6 30. Kf2 Kf7 31. Bg5 Ke6 32. Ke3 b5
33. b4 Ke5 34. Bf4+ Ke6 35. Kd4 1-0

[Event "Troy (TCC/B/3/7)"]
[Site "?"]
[Date "1993.??.??"]
[Round "?"]
[White "Corbin, W."]
[Black "Morabito, Matthew"]
[Result "0-1"]
[WhiteElo "1650"]
[BlackElo "1760"]
[PlyCount "82"]
[EventDate "1993.??.??"]

{3/(7)} 1. c4 Nf6 2. g3 g6 3. Bg2 Bg7 4. Nc3 O-O 5. d3 d6 6. e4 e5 7. Nge2 Nc6
8. O-O Be6 9. f4 Qd7 10. Bd2 Bg4 11. Rf2 exf4 12. Bxf4 Nh5 13. Qf1 Nd4 14. Rb1
c6 15. Bd2 Rae8 16. Nf4 Nxf4 17. Bxf4 Qe7 18. Kh1 h5 19. h3 Bd7 20. Qc1 Kh7 21.
Qd2 Ne6 22. Be3 Bd4 23. Rbf1 Bxe3 24. Qxe3 b6 25. Rf6 Nd8 26. d4 Kg7 27. Qf2
Be6 28. d5 cxd5 29. cxd5 Bd7 30. Qf4 Nb7 31. a4 Rc8 32. Rf2 Rc4 33. Bf1 Rb4 34.
Nb5 Bxb5 35. Bxb5 Rxe4 36. Qf3 Re1+ 37. Kg2 Re3 38. Qf4 Re5 39. Bd3 Nc5 40.
Bxg6 Re2 41. Qg5 Rxf2+ 0-1

[Event "Troy (TCC/B/2/4)"]
[Site "?"]
[Date "1993.??.??"]
[Round "?"]
[White "Corbin, W."]
[Black "Hawley, T."]
[Result "0-1"]
[WhiteElo "1650"]
[BlackElo "1755"]
[PlyCount "108"]
[EventDate "1993.??.??"]

{2/(4)} 1. c4 e5 2. g3 Nf6 3. Bg2 Nc6 4. e4 Bc5 5. Ne2 d6 6. O-O Be6 7. d3 Qd7
8. a3 a5 9. Nbc3 h5 10. Nd5 h4 11. Be3 hxg3 12. Nxf6+ gxf6 13. Nxg3 Bh3 14. Qf3
Bg4 15. Qxf6 Rg8 16. Nf5 Bh3 17. Ng3 Ne7 18. Bxc5 dxc5 19. Qxe5 O-O-O 20. Qxc5
Bxg2 21. Kxg2 Rh8 22. Nf5 Ng6 23. Qe3 Rdg8 24. Kh1 Ne5 25. h3 Kb8 26. Rg1 Ng4
27. Rxg4 Rxg4 28. Rg1 Rg6 29. d4 Rb6 30. b3 Re8 31. h4 Qe6 32. Rg4 a4 33. d5
Qe5 34. b4 Rf6 35. h5 Qa1+ 36. Kg2 Rxf5 37. Qh3 Rf6 38. h6 Qb2 39. Qh4 Rh8 40.
h7 Rxh7 41. Rg8+ Ka7 42. Qxh7 Rxf2+ 43. Kg1 Qe2 44. Ra8+ Kb6 45. Qh6+ f6 46.
c5+ Kb5 47. Ra5+ Kc4 48. Qc1+ Kd4 49. Qa1+ Kxe4 50. Qb1+ Kf4 51. Qc1+ Kg4 52.
d6 Rg2+ 53. Kh1 Rh2+ 54. Kg1 Qf2# 0-1

[Event "Troy (TCC/C/3/7)"]
[Site "?"]
[Date "1993.??.??"]
[Round "?"]
[White "Cooper, Willie"]
[Black "Watson, Terry"]
[Result "0-1"]
[WhiteElo "1605"]
[BlackElo "1605"]
[PlyCount "84"]
[EventDate "1993.??.??"]

{3/(7)} 1. c4 Nf6 2. d4 g6 3. Nc3 Bg7 4. e4 d6 5. Nf3 O-O 6. Bd3 Nbd7 7. O-O e5
8. Bg5 h6 9. Be3 Nh5 10. Qd2 Kh7 11. Rac1 Ndf6 12. Bb1 Ng4 13. h3 Nxe3 14. fxe3
exd4 15. exd4 Qe7 16. Nd5 Qd7 17. e5 dxe5 18. dxe5 c6 19. Nf6+ Nxf6 20. exf6
Bxf6 21. Rcd1 Qc7 22. Qc2 Qb6+ 23. Rf2 Bf5 24. Qc1 Bxb1 25. Qxb1 Rad8 26. Rxd8
Rxd8 27. b4 Qe3 28. Qe1 Qxe1+ 29. Nxe1 Bd4 30. Nf3 Bxf2+ 31. Kxf2 Rd1 32. a4
Ra1 33. a5 Ra4 34. b5 cxb5 35. cxb5 Rxa5 36. Nd4 Ra3 37. h4 Rd3 38. Nf3 Rd5 39.
b6 a5 40. Ke3 Rb5 41. g4 Rxb6 42. g5 Rb3+ 0-1

[Event "Flint (Class C/2)"]
[Site "?"]
[Date "1993.??.??"]
[Round "?"]
[White "Cooper, Willie"]
[Black "Vaka, Flamur"]
[Result "0-1"]
[WhiteElo "1605"]
[BlackElo "1605"]
[PlyCount "152"]
[EventDate "1993.??.??"]

1. d4 Nf6 2. c4 c5 3. Bf4 g6 4. Nf3 Bg7 5. e3 O-O 6. Bd3 Re8 7. O-O cxd4 8.
exd4 d6 9. h3 Qb6 10. Qc2 Nc6 11. c5 dxc5 12. dxc5 Qd8 13. Bb5 Qa5 14. Bxc6
bxc6 15. Nbd2 Bf5 16. Qc1 Qb4 17. Nb3 Nd5 18. Be5 Bxe5 19. Nxe5 Qh4 20. Qc4
Qxc4 21. Nxc4 Bd3 22. Rfc1 Nf4 23. Nd4 e5 24. Nxc6 Ne2+ 25. Kh2 Nxc1 26. Rxc1
Bxc4 27. Rxc4 Re6 28. Na5 Ra6 29. b4 Rc8 30. a3 Kf8 31. Rc3 f6 32. Nc4 Rac6 33.
a4 Ke7 34. Kg3 Ke6 35. Na5 Ra6 36. c6 f5 37. Kf3 h6 38. g4 Kd6 39. Rc5 Ke6 40.
Ke3 Rd8 41. c7 Rc8 42. gxf5+ gxf5 43. Kd3 Rd6+ 44. Kc4 Rd7 45. Rc6+ Ke7 46.
Rxh6 Rcxc7+ 47. Nc6+ Ke8 48. b5 Rd4+ 49. Kc5 Rxa4 50. Rh8+ Kd7 51. Kd5 Rc8 52.
Nxe5+ Kc7 53. Rh7+ Kb8 54. Nd7+ Ka8 55. Ke6 Rf4 56. b6 Rxf2 57. bxa7 Kxa7 58.
Nf6+ Ka6 59. Nd5 f4 60. Kf5 Rf8+ 61. Ke4 f3 62. Nf4 Rf1 63. Nd3 f2 64. Rh6+ Kb5
65. Rh5+ Kc6 66. Rh6+ Kc7 67. Nxf2 R1xf2 68. h4 Kd7 69. h5 R2f7 70. Rg6 Rh8 71.
h6 Rfh7 72. Kf5 Rxh6 73. Rg7+ Kd6 74. Kg5 Rh5+ 75. Kg6 Ke6 76. Ra7 R8h6+ 0-1

[Event "East Lansing (MOR/5/30)"]
[Site "?"]
[Date "1993.??.??"]
[Round "?"]
[White "Cooper, Willie"]
[Black "Swathell, Gary"]
[Result "0-1"]
[WhiteElo "1605"]
[BlackElo "1660"]
[PlyCount "122"]
[EventDate "1993.??.??"]

{5/(30)} 1. c4 c5 2. Nc3 Nf6 3. Nf3 Nc6 4. d3 g6 5. g3 Bg7 6. Bg2 O-O 7. O-O e6
8. Bf4 d5 9. Nb5 Ne8 10. Qd2 a6 11. cxd5 exd5 12. Nc3 Nf6 13. Bg5 Be6 14. d4 b6
15. Ne5 Nxd4 16. e3 Nb5 17. e4 Nxc3 18. bxc3 dxe4 19. Qe2 Qc7 20. Nc4 Bxc4 21.
Qxc4 b5 22. Qe2 Rae8 23. Rfd1 e3 24. Bf4 exf2+ 25. Qxf2 Qa5 26. Qxc5 Rc8 27.
Qb4 Qb6+ 28. Qd4 Qxd4+ 29. cxd4 Rc4 30. Rab1 Nh5 31. Be5 Bxe5 32. dxe5 Re8 33.
Bd5 Rc2 34. Rf1 Rc7 35. Rbe1 Ng7 36. Rf6 Ne6 37. Ref1 Kg7 38. R1f2 Ng5 39. Rxa6
Nh3+ 40. Kg2 Nxf2 41. Kxf2 Rxe5 42. Bb3 Rd7 43. h4 h5 44. Rc6 Rf5+ 45. Kg1 Rd2
46. Rc3 Re2 47. Rd3 Rff2 48. Bd5 Rd2 49. Rxd2 Rxd2 50. Bb3 f5 51. Kf1 Kf6 52.
Bg8 g5 53. hxg5+ Kxg5 54. Bf7 h4 55. gxh4+ Kxh4 56. a3 Kg3 57. Be8 Rd3 58. Bxb5
Rxa3 59. Ke2 f4 60. Kd2 f3 61. Bd3 Rxd3+ 0-1

[Event "East Lansing (MOR/3/32)"]
[Site "?"]
[Date "1993.??.??"]
[Round "?"]
[White "Cooper, Willie"]
[Black "Spencer, Gordon"]
[Result "0-1"]
[WhiteElo "1605"]
[BlackElo "1605"]
[PlyCount "100"]
[EventDate "1993.??.??"]

{3/(32)} 1. c4 Nf6 2. d3 g6 3. Bf4 Bg7 4. Qd2 h6 5. Nf3 d6 6. e4 e5 7. Be3 Ng4
8. h3 Nxe3 9. Qxe3 Nc6 10. Be2 h5 11. Qd2 Be6 12. b4 a6 13. O-O O-O 14. Na3 Ne7
15. Rac1 c5 16. bxc5 dxc5 17. Qb2 b6 18. Rb1 Rb8 19. Nh2 Nc6 20. Nc2 Nd4 21.
Ne3 f5 22. Nd5 Bxd5 23. cxd5 f4 24. Nf3 h4 25. Nxd4 exd4 26. Bf3 Be5 27. Qb3
Rf6 28. Bg4 Kh8 29. f3 b5 30. Be6 g5 31. Qa3 Qb6 32. Rfc1 Bd6 33. Kh1 c4 34.
Qb2 c3 35. Qe2 Qc7 36. Re1 Be5 37. a3 Rff8 38. Rb3 Rb6 39. Qa2 Rfb8 40. Re2 a5
41. Rb1 b4 42. axb4 axb4 43. Qb3 Ra6 44. Ra2 Ra3 45. Rxa3 bxa3 46. Qa2 Rxb1+
47. Qxb1 c2 48. Qc1 Qc3 49. d6 Bxd6 50. Bc4 Qb2 0-1

[Event "Flint (Class C/5)"]
[Site "?"]
[Date "1993.??.??"]
[Round "?"]
[White "Cooper, Willie"]
[Black "Nixon, Peter"]
[Result "1-0"]
[WhiteElo "1605"]
[BlackElo "1605"]
[PlyCount "55"]
[EventDate "1993.??.??"]

1. d4 Nf6 2. c4 g6 3. Bf4 Bg7 4. e3 O-O 5. Bd3 c5 6. Ne2 cxd4 7. exd4 Qb6 8.
Qd2 Nc6 9. c5 Qb4 10. O-O Nd5 11. a3 Qxd2 12. Bxd2 Nxd4 13. Nbc3 Nxe2+ 14. Bxe2
Nxc3 15. bxc3 b6 16. Bf3 Ba6 17. Rfe1 Rae8 18. cxb6 axb6 19. Rab1 b5 20. Rb4 e6
21. a4 Rb8 22. Reb1 Rfc8 23. axb5 Bb7 24. Bxb7 Rxb7 25. c4 Bf8 26. Ra4 Rbc7 27.
b6 Rxc4 28. b7 1-0

[Event "Troy (TCC/C/5/10)"]
[Site "?"]
[Date "1993.??.??"]
[Round "?"]
[White "Cooper, Willie"]
[Black "Mayer, Raymond"]
[Result "1-0"]
[WhiteElo "1605"]
[BlackElo "1605"]
[PlyCount "85"]
[EventDate "1993.??.??"]

{5/(10)} 1. c4 Nf6 2. Nc3 e6 3. d3 b6 4. Nf3 Bb7 5. e4 d6 6. Be2 Be7 7. O-O Nc6
8. d4 Qd7 9. d5 Ne5 10. Nd4 c5 11. Nb3 O-O 12. f4 Ng6 13. Bf3 e5 14. f5 Nh8 15.
Ne2 Ba6 16. Nd2 b5 17. b3 Bd8 18. Ng3 Ba5 19. Nh5 Nxh5 20. Bxh5 f6 21. Rf3 Nf7
22. Bxf7+ Rxf7 23. Rg3 Kf8 24. Qh5 Ke7 25. Qxh7 Raf8 26. cxb5 Bxb5 27. Nc4 Bc3
28. Rxc3 Kd8 29. Qh4 Qe8 30. Nxd6 Qd7 31. Nxf7+ Qxf7 32. Rxc5 Qe8 33. Be3 Rh8
34. Qg4 Rg8 35. Rac1 Bd7 36. Rc7 Ke7 37. Bc5+ Kd8 38. Rxa7 g6 39. Bb6+ Ke7 40.
d6+ Kf8 41. Qh4 gxf5 42. Qxf6+ Qf7 43. Rc8+ 1-0

[Event "Troy (TCC/C/1b/2)"]
[Site "?"]
[Date "1993.??.??"]
[Round "?"]
[White "Cooper, Willie"]
[Black "Hayes, P."]
[Result "1-0"]
[WhiteElo "1605"]
[BlackElo "1605"]
[PlyCount "71"]
[EventDate "1993.??.??"]

1. c4 c5 2. Nc3 Nf6 3. d3 Nc6 4. Nf3 d6 5. g3 e5 6. Bg2 Be7 7. O-O Be6 8. Ng5
Bd7 9. Bd2 Ng4 10. Qc1 h6 11. Nf3 Nf6 12. a3 Na5 13. Qc2 Nc6 14. Na4 Qc8 15. b4
Bh3 16. b5 Bxg2 17. Kxg2 Nd4 18. Nxd4 exd4 19. h3 b6 20. e3 d5 21. exd4 dxc4
22. Qxc4 Qb7+ 23. Kh2 cxd4 24. Qxd4 O-O 25. Rfc1 Nd5 26. Qe4 Bf6 27. d4 Rfe8
28. Qg4 Kh8 29. Rc6 Qe7 30. Re1 Qxa3 31. Rxe8+ Rxe8 32. Qd7 Re7 33. Qxd5 Qxa4
34. Rc8+ Kh7 35. Qf5+ g6 36. Qxf6 1-0

[Event "East Lansing (MOR/7/26)"]
[Site "?"]
[Date "1993.??.??"]
[Round "?"]
[White "Cooper, Willie"]
[Black "Davis, Ralph"]
[Result "1-0"]
[WhiteElo "1605"]
[BlackElo "1605"]
[PlyCount "85"]
[EventDate "1993.??.??"]

{7/(26)} 1. c4 Nf6 2. Nc3 e6 3. Nf3 d5 4. cxd5 exd5 5. g3 Bb4 6. a3 Bxc3 7.
bxc3 O-O 8. Bg2 Bg4 9. O-O Nbd7 10. d3 c6 11. Rb1 b6 12. Bf4 Re8 13. Re1 Nh5
14. Bd2 Nhf6 15. Nd4 Qc8 16. h3 Be6 17. e4 dxe4 18. dxe4 Nc5 19. Nxe6 Qxe6 20.
e5 Nfd7 21. Bf4 Rad8 22. Qc2 Nf8 23. Re3 Ng6 24. Kh2 Nxf4 25. gxf4 Qh6 26. Qf5
g6 27. Rg3 Rd3 28. Qg4 Rxg3 29. fxg3 Qf8 30. Bxc6 Rc8 31. Bd5 Rd8 32. c4 Nd3
33. Rb3 Nc5 34. Rf3 b5 35. h4 bxc4 36. Bxc4 Rd2+ 37. Kh3 Ne4 38. h5 Nf2+ 39.
Rxf2 Rxf2 40. e6 Rxf4 41. Qxf4 Kg7 42. h6+ Kh8 43. Qf6+ 1-0

[Event "East Lansing (MOR/1b/18)"]
[Site "?"]
[Date "1993.??.??"]
[Round "?"]
[White "Cooper, Willie"]
[Black "Boyer, Mike"]
[Result "1-0"]
[WhiteElo "1605"]
[BlackElo "1605"]
[PlyCount "121"]
[EventDate "1993.??.??"]

1. c4 e5 2. Nc3 Bb4 3. Nd5 Bc5 4. d3 Nf6 5. Bg5 Be7 6. Nxe7 Qxe7 7. a3 h6 8.
Bd2 Qc5 9. b4 Qe7 10. Nf3 d5 11. cxd5 Nxd5 12. e4 Nf6 13. Be2 Nc6 14. Rc1 Bd7
15. b5 Nd8 16. Bb4 Qe6 17. Rxc7 Rc8 18. Rxc8 Bxc8 19. O-O Bd7 20. a4 Qa2 21.
Nxe5 Ne6 22. Nxd7 Nxd7 23. Bg4 Nf6 24. Bxe6 fxe6 25. Qc1 Kd7 26. Qa3 Qe2 27.
Re1 Qc2 28. Be7 Ng4 29. Bh4 Re8 30. f4 g5 31. fxg5 hxg5 32. Bg3 e5 33. h3 Nh6
34. Rc1 Qe2 35. Rc5 Nf7 36. Rd5+ Kc8 37. Qc3+ Kb8 38. Rd7 Rc8 39. Bxe5+ Nxe5
40. Qxe5+ Ka8 41. Qc7 Qe3+ 42. Kh2 Qf4+ 43. Qxf4 gxf4 44. e5 Kb8 45. e6 Re8 46.
e7 Kc8 47. Rd8+ Rxd8 48. exd8=Q+ Kxd8 49. h4 Kc7 50. h5 Kb6 51. h6 Ka5 52. h7
Kxa4 53. h8=Q Kxb5 54. Qc3 a5 55. d4 Ka4 56. d5 b5 57. d6 b4 58. Qa1+ Kb3 59.
d7 f3 60. d8=Q fxg2 61. Qd3# 1-0

[Event "Flint (Class DE/3)"]
[Site "?"]
[Date "1993.??.??"]
[Round "?"]
[White "Cooper, G."]
[Black "Spencer, Gordon"]
[Result "1-0"]
[WhiteElo "1605"]
[BlackElo "1605"]
[PlyCount "77"]
[EventDate "1993.??.??"]

1. c4 Nf6 2. Nc3 g6 3. Nf3 d6 4. g3 b6 5. Bg2 Bb7 6. O-O Bg7 7. d3 O-O 8. Rb1
Nbd7 9. Bd2 h6 10. h4 Kh7 11. b4 c5 12. a4 Ng8 13. a5 Ne5 14. Ng5+ hxg5 15.
Bxb7 Rb8 16. a6 gxh4 17. gxh4 Qd7 18. f4 Qg4+ 19. Bg2 Nc6 20. b5 Nd4 21. Be1
Nf5 22. Qd2 Nxh4 23. Bxh4 Qxh4 24. Ne4 Bh6 25. Rf3 Kg7 26. e3 f5 27. Rh3 Qxh3
28. Bxh3 fxe4 29. dxe4 Nf6 30. Qg2 Kf7 31. Kf2 e6 32. Rg1 Rg8 33. e5 dxe5 34.
fxe5 Nd7 35. Qc6 Kg7 36. Qxd7+ Kh8 37. Qxe6 Rbf8+ 38. Ke2 g5 39. Qxh6# 1-0

[Event "Flint (Class DE/2)"]
[Site "?"]
[Date "1993.??.??"]
[Round "?"]
[White "Cooper, G."]
[Black "Kane, Paul"]
[Result "1-0"]
[WhiteElo "1605"]
[BlackElo "1605"]
[PlyCount "115"]
[EventDate "1993.??.??"]

1. c4 Nf6 2. Nc3 c6 3. Nf3 d5 4. e3 Bg4 5. d4 e6 6. Qb3 Qc7 7. Ne5 Bh5 8. Bd2
Bd6 9. f4 O-O 10. Bd3 Nbd7 11. cxd5 cxd5 12. Rc1 Qb6 13. Nb5 Rab8 14. Nxd6 Qxd6
15. Bb4 Qb6 16. Bxf8 Qxb3 17. axb3 Kxf8 18. O-O Nb6 19. Rc7 Ne8 20. Rcc1 f6 21.
Nf3 Bxf3 22. Rxf3 g6 23. Rh3 Kg7 24. g4 a6 25. f5 exf5 26. gxf5 g5 27. e4 dxe4
28. Bxe4 Nc8 29. Bxb7 Ncd6 30. Bc6 Nxf5 31. Bxe8 Rxe8 32. Rc7+ Ne7 33. d5 Kg6
34. d6 Nf5 35. d7 Re1+ 36. Kf2 Rd1 37. Ke2 Rd6 38. Rd3 Rd4 39. d8=Q Rxd8 40.
Rxd8 h5 41. Rg8+ Kh6 42. Rf7 Nh4 43. Rxf6+ Kh7 44. Rxg5 a5 45. Rxh5+ Kg7 46.
Rf4 Ng6 47. Rg4 Kf7 48. Rxa5 Ne7 49. Ra7 Kf6 50. h4 Nf5 51. h5 Ne7 52. h6 Ng6
53. Rxg6+ Kxg6 54. h7 Kf6 55. h8=Q+ Ke6 56. Qh6+ Kd5 57. Ra5+ Kd4 58. Qf4# 1-0

[Event "Jackson (Prison m)"]
[Site "?"]
[Date "1993.??.??"]
[Round "?"]
[White "Cook"]
[Black "Rotberg, Victor"]
[Result "0-1"]
[WhiteElo "1605"]
[BlackElo "1605"]
[PlyCount "64"]
[EventDate "1993.??.??"]

1. e4 e6 2. g3 Nf6 3. Bg2 d5 4. e5 Nfd7 5. d4 c5 6. c3 Nc6 7. Ne2 Be7 8. Nd2
O-O 9. Nf3 f5 10. Bf4 Qb6 11. Qd2 cxd4 12. cxd4 Re8 13. O-O Na5 14. b3 Nf8 15.
Bg5 Bb4 16. Qe3 Bd7 17. a3 Be7 18. Bxe7 Rxe7 19. b4 Nc4 20. Qc1 Rc8 21. Qe1 Ng6
22. h4 Ba4 23. Qc3 Rec7 24. Nd2 Ncxe5 25. Qe3 Ng4 26. Qf3 Rc2 27. Rfc1 Rxc1+
28. Rxc1 Rxc1+ 29. Nxc1 Qxd4 30. Ndb3 Qb2 31. Bh3 N6e5 32. Qd1 Qxf2+ 0-1

[Event "East Lansing (MI Op/3/18)"]
[Site "?"]
[Date "1993.??.??"]
[Round "?"]
[White "Conley, Steve"]
[Black "Lehotzky, Attila"]
[Result "1-0"]
[WhiteElo "1930"]
[BlackElo "2030"]
[PlyCount "65"]
[EventDate "1993.??.??"]

{3/(18)} 1. e4 d6 2. d4 Nf6 3. Nc3 g6 4. f4 Bg7 5. Nf3 b6 6. Bb5+ c6 7. Bd3 Na6
8. a3 Bg4 9. Bxa6 Qc7 10. Be2 O-O-O 11. Ng5 Bxe2 12. Qxe2 e6 13. e5 Ne8 14. Be3
h6 15. Nf3 f6 16. Bf2 fxe5 17. fxe5 d5 18. O-O g5 19. Bg3 Bf8 20. Nd1 Qg7 21.
c4 h5 22. h4 gxh4 23. Bxh4 Be7 24. Bxe7 Qxe7 25. cxd5 exd5 26. Qc2 Kb7 27. Rc1
Rc8 28. Ne3 Ng7 29. Qg6 Ne6 30. Nf5 Qd7 31. Nd6+ Kc7 32. Nxc8 Rxc8 33. Ng5 1-0

[Event "East Lansing (MI Op/5/8)"]
[Site "?"]
[Date "1993.??.??"]
[Round "?"]
[White "Conley, Steve"]
[Black "Hankinson, Chris"]
[Result "0-1"]
[WhiteElo "1930"]
[BlackElo "2155"]
[PlyCount "131"]
[EventDate "1993.??.??"]

{5/(8)} 1. e4 e5 2. Nf3 f5 3. Nxe5 Nc6 4. Nxc6 dxc6 5. d4 Qe7 6. e5 Be6 7. Bd3
O-O-O 8. c3 c5 9. h4 h6 10. Qf3 g6 11. Be3 c4 12. Be2 Bd5 13. Qg3 Qe6 14. Nd2
Rh7 15. Bf3 Ne7 16. Bxd5 Nxd5 17. a4 Be7 18. f4 Rg7 19. Bf2 g5 20. hxg5 hxg5
21. fxg5 Rxg5 22. Qf3 Rdg8 23. Rh2 Rg4 24. g3 f4 25. gxf4 Nxf4 26. Kd1 Nd3 27.
Be3 Qg6 28. Qh3 Nxb2+ 29. Kc1 Nd3+ 30. Kd1 Kd8 31. Rh1 Rg3 32. Qh6 Qxh6 33.
Bxh6 Nf2+ 34. Kc2 Nxh1 35. Rxh1 Rh8 36. Bf4 Rxh1 37. Bxg3 Ra1 38. Nxc4 Rxa4 39.
Kb3 Ra1 40. e6 c6 41. Ne5 Bf6 42. c4 Rd1 43. Kc3 Bxe5 44. Bxe5 Ke7 45. Kc2 Re1
46. Bb8 Kxe6 47. Bxa7 Kf5 48. Bc5 Ke4 49. Bb6 Re2+ 50. Kc3 Rh2 51. Bc5 Rh3+ 52.
Kb4 Rd3 53. d5 cxd5 54. cxd5 Kxd5 55. Bf8 Kc6 56. Bg7 b5 57. Bf6 Rf3 58. Be5
Re3 59. Bf6 Re4+ 60. Kb3 Kd5 61. Bd8 Rf4 62. Bc7 Rf3+ 63. Kc2 Kc4 64. Be5 b4
65. Bg7 Rf2+ 66. Kb1 0-1

[Event "East Lansing (MI Op/1b/5)"]
[Site "?"]
[Date "1993.??.??"]
[Round "?"]
[White "Conley, Steve"]
[Black "Czuhai, Kevin"]
[Result "1-0"]
[WhiteElo "1930"]
[BlackElo "2235"]
[PlyCount "97"]
[EventDate "1993.??.??"]

1. e4 c5 2. Nf3 d6 3. d4 cxd4 4. Nxd4 Nf6 5. f3 g6 6. c4 Bg7 7. Be3 O-O 8. Nc3
Nc6 9. Be2 Bd7 10. O-O Rc8 11. Rc1 Ne5 12. Nd5 Bc6 13. Qd2 Bxd5 14. cxd5 a6 15.
Rxc8 Qxc8 16. Rc1 Qd7 17. Qc2 e6 18. dxe6 fxe6 19. Qc7 Re8 20. Qxd7 Nexd7 21.
Rc7 d5 22. Rxb7 dxe4 23. fxe4 Nc5 24. Rc7 Nfxe4 25. b4 e5 26. Nc6 Ne6 27. Bc4
Bf6 28. Ra7 Kh8 29. Rxa6 Nd4 30. b5 Nc2 31. Bf2 Nxf2 32. Kxf2 e4 33. b6 e3+ 34.
Ke2 Nd4+ 35. Nxd4 Bxd4 36. b7 Be5 37. Ra8 Bb8 38. a4 Kg7 39. a5 g5 40. a6 Rd8
41. Rxb8 Rxb8 42. a7 Rxb7 43. a8=Q Re7 44. Qg8+ Kh6 45. Qf8+ Rg7 46. g3 Kg6 47.
Bd3+ Kh6 48. Be4 g4 49. Bd3 1-0

[Event "East Lansing (MI Op/7/9)"]
[Site "?"]
[Date "1993.??.??"]
[Round "?"]
[White "Conley, Steve"]
[Black "Arganian, David G"]
[Result "1/2-1/2"]
[WhiteElo "1930"]
[BlackElo "2050"]
[PlyCount "45"]
[EventDate "1993.??.??"]

{7/(9)} 1. c4 e5 2. Nc3 Nf6 3. g3 c6 4. e4 d5 5. cxd5 cxd5 6. exd5 Nxd5 7. Bg2
Nb4 8. Be4 Nd3+ 9. Bxd3 Qxd3 10. Qf3 Qg6 11. Nge2 Bc5 12. Qd5 Qd6 13. Qxd6 Bxd6
14. Nb5 Ke7 15. Nxd6 Kxd6 16. d4 e4 17. Bf4+ Ke7 18. Nc3 Rd8 19. d5 f6 20. h4
Na6 21. d6+ Kf7 22. O-O Nc5 23. Be3 1/2-1/2

[Event "Ann Arbor (HVA/3/14)"]
[Site "?"]
[Date "1993.??.??"]
[Round "?"]
[White "Collins, Charles"]
[Black "Waller, A."]
[Result "0-1"]
[WhiteElo "1725"]
[BlackElo "1605"]
[PlyCount "24"]
[EventDate "1993.??.??"]

{3/(14)} 1. d4 d5 2. c4 dxc4 3. g3 Nf6 4. Bg2 e6 5. Nf3 c5 6. O-O Nc6 7. Qa4 a6
8. Qxc4 Nxd4 9. e3 b5 10. Nxd4 bxc4 11. Nc6 Qc7 12. Rd1 Bb7 0-1

[Event "East Lansing (MOR/7/10)"]
[Site "?"]
[Date "1993.??.??"]
[Round "?"]
[White "Collins, Charles"]
[Black "Vega, D."]
[Result "1-0"]
[WhiteElo "1700"]
[BlackElo "1605"]
[PlyCount "113"]
[EventDate "1993.??.??"]

{7/(10)} 1. d4 Nf6 2. c4 g6 3. g3 Bg7 4. Bg2 d6 5. Nf3 c5 6. O-O cxd4 7. Nxd4
O-O 8. Nc3 a6 9. e4 Bg4 10. f3 Bd7 11. Be3 Nc6 12. Qd2 Rc8 13. b3 Nxd4 14. Bxd4
b5 15. cxb5 axb5 16. Rac1 Qa5 17. Rfd1 Rc7 18. Qb2 Bh6 19. f4 Bg4 20. Rd2 e5
21. Be3 exf4 22. gxf4 Rd8 23. h3 Be6 24. e5 Nh5 25. exd6 Rcd7 26. Rcd1 Nxf4 27.
Kh2 b4 28. Ne4 Bg7 29. Nf6+ Kh8 30. Bxf4 Qf5 31. Be5 Ra7 32. Qd4 Ra5 33. Re1
Rxe5 34. Qxe5 Qxe5+ 35. Rxe5 Bxf6 36. Rb5 Bc3 37. Rd1 Kg7 38. Bc6 f5 39. Rb7+
Kh6 40. Kg2 g5 41. Re7 Bg8 42. d7 Bf6 43. Re8 Kg7 44. Rde1 Bd5+ 45. Bxd5 Rxd7
46. Rg8+ Kh6 47. Re6 Rxd5 48. Rxf6+ Kh5 49. Rh8 Rd2+ 50. Kf1 g4 51. hxg4+ Kxg4
52. Rxh7 Rxa2 53. Rg6+ Kf4 54. Rb6 Kf3 55. Rh3+ Kg4 56. Re3 f4 57. Rxb4 1-0

[Event "Ann Arbor (HVA/5/13)"]
[Site "?"]
[Date "1993.??.??"]
[Round "?"]
[White "Collins, Charles"]
[Black "Vega, D."]
[Result "0-1"]
[WhiteElo "1725"]
[BlackElo "1605"]
[PlyCount "70"]
[EventDate "1993.??.??"]

{5/(13)} 1. d4 Nf6 2. c4 g6 3. g3 d6 4. Bg2 Bg7 5. Nf3 Nbd7 6. O-O a5 7. Nbd2
c6 8. e4 e5 9. Re1 O-O 10. Rb1 exd4 11. Nxd4 Nc5 12. Qc2 Re8 13. b3 Ng4 14. Bb2
a4 15. b4 Nd7 16. c5 dxc5 17. bxc5 Nh6 18. Nxc6 bxc6 19. Bxg7 Kxg7 20. Rbd1 Qa5
21. Qb2+ Kg8 22. e5 Qxc5 23. Rc1 Qa7 24. Rxc6 Rb8 25. Qc3 Ng4 26. Re2 Ba6 27.
Nc4 Rb1+ 28. Bf1 Nxh2 29. Kxh2 Rxf1 30. Kg2 Qa8 31. Nd6 Bxe2 32. Nxe8 Nxe5 33.
Nf6+ Kg7 34. Nh5+ Kh6 35. Qe3+ Kxh5 0-1

[Event "East Lansing (MOR/2/14)"]
[Site "?"]
[Date "1993.??.??"]
[Round "?"]
[White "Collins, Charles"]
[Black "Vaughn, Gerald"]
[Result "1-0"]
[WhiteElo "1700"]
[BlackElo "1605"]
[PlyCount "97"]
[EventDate "1993.??.??"]

{2/(14)} 1. d4 d5 2. c4 c6 3. g3 Nf6 4. Bg2 Nbd7 5. Nf3 h6 6. O-O Ne4 7. Bd2
Nxd2 8. Qxd2 Nf6 9. Nc3 e6 10. c5 Be7 11. Ne5 O-O 12. b4 Nd7 13. Nf3 f5 14. e3
Bf6 15. b5 Qa5 16. Nxd5 Bd8 17. Qxa5 Bxa5 18. bxc6 exd5 19. cxd7 Bxd7 20. Ne5
Bc6 21. Rab1 Rab8 22. Rb3 Bc7 23. Nd3 a5 24. Nf4 Bxf4 25. exf4 Rfe8 26. Re3
Rxe3 27. fxe3 b5 28. cxb6 Rxb6 29. Rc1 Kf7 30. Rxc6 Rb1+ 31. Bf1 Rb2 32. a4 Ra2
33. Bb5 Ra1+ 34. Kf2 Ra2+ 35. Kf3 Rxh2 36. Rd6 h5 37. Rxd5 Kf6 38. Bd7 g6 39.
Rxa5 h4 40. gxh4 Rh3+ 41. Ke2 Rxh4 42. Re5 Rh2+ 43. Kd3 Rb2 44. a5 Rb7 45. Bc6
Rc7 46. Bd5 Ra7 47. Re6+ Kg7 48. a6 Rc7 49. Rb6 1-0

[Event "Lansing (MI Am/2)"]
[Site "?"]
[Date "1993.??.??"]
[Round "?"]
[White "Collins, Charles"]
[Black "Vangilder, W."]
[Result "1-0"]
[WhiteElo "1725"]
[BlackElo "1605"]
[PlyCount "47"]
[EventDate "1993.??.??"]

1. d4 Nf6 2. c4 e6 3. g3 d5 4. Bg2 c6 5. Nf3 Qa5+ 6. Bd2 Bb4 7. O-O dxc4 8. Ne5
Nbd7 9. Nxc4 Qb5 10. Qc2 O-O 11. a4 Qh5 12. Bxb4 c5 13. dxc5 Nxc5 14. Nd6 Na6
15. Ba3 Rb8 16. Nc3 e5 17. Nxc8 Rfxc8 18. Bd6 Nc7 19. Qb3 b6 20. Rfd1 e4 21.
Nxe4 Ng4 22. h3 Ne5 23. Rac1 Qxe2 24. Bxe5 1-0

[Event "Eastpointe (EDO/2/16)"]
[Site "?"]
[Date "1993.??.??"]
[Round "?"]
[White "Collins, Charles"]
[Black "Vangilder, W."]
[Result "1-0"]
[WhiteElo "1725"]
[BlackElo "1605"]
[PlyCount "55"]
[EventDate "1993.??.??"]

{2/(16)} 1. f4 Nf6 2. Nf3 d5 3. d3 Bg4 4. Nbd2 e6 5. g3 Bxf3 6. Nxf3 g6 7. Bg2
Bg7 8. O-O O-O 9. Ne5 Nbd7 10. e4 Nxe5 11. fxe5 Nd7 12. d4 c6 13. Qg4 Qb6 14.
exd5 cxd5 15. Kh1 Rac8 16. c3 a5 17. a4 Rc4 18. Qh4 Nxe5 19. Bh6 Nd7 20. Bxg7
Kxg7 21. Rf2 Qb3 22. Qe7 Rxa4 23. Raf1 Kh6 24. Qxd7 Ra2 25. Qe7 Rh8 26. Qh4+
Kg7 27. Rxf7+ Kg8 28. Qd8# 1-0